Miss you, Mina / (Record no. 1240)

MARC details
000 -LEADER
fixed length control field 01217cam a22003257a 4500
005 - DATE AND TIME OF LATEST TRANSACTION
control field 20231124104134.0
020 ## - INTERNATIONAL STANDARD BOOK NUMBER
International Standard Book Number FIS00004
040 ## - CATALOGING SOURCE
Original cataloging agency BTCTA
Language of cataloging eng
Transcribing agency BTCTA
Modifying agency WIQ
-- GO4
-- JQJ
-- IK6
-- SINLB
-- CDX
-- IUI
-- UPZ
-- DLC
050 00 - LIBRARY OF CONGRESS CALL NUMBER
Classification number PZ7.M63957
Item number Mi 2010
082 04 - DEWEY DECIMAL CLASSIFICATION NUMBER
Classification number Fic
Edition number 22
100 1# - MAIN ENTRY--PERSONAL NAME
Personal name Millner, Denene.
245 10 - TITLE STATEMENT
Title Miss you, Mina /
Statement of responsibility, etc. by Denene Millner.
260 ## - PUBLICATION, DISTRIBUTION, ETC.
Place of publication, distribution, etc. New York :
Name of publisher, distributor, etc. Scholastic,
Date of publication, distribution, etc. 2010.
300 ## - PHYSICAL DESCRIPTION
Extent 163 pages ;
Dimensions 20 cm
Other physical details Illustrations
490 ## - SERIES STATEMENT
Series statement A candy apple book
500 ## - GENERAL NOTE
General note "A Candy Apple book"--Cover.
505 ## - FORMATTED CONTENTS NOTE
Formatted contents note S <br/>
520 ## - SUMMARY, ETC.
Summary, etc. Mina is thrilled to be spending the summer in New York City living with her cool aunt and attending the art camp that her aunt works for, but she misses her best friends and some of the girls in her art class are very cruel.
521 0# - TARGET AUDIENCE NOTE
Target audience note 880 <br/>
Source Lexile <br/>
521 1# - TARGET AUDIENCE NOTE
Target audience note R <br/>
Source Raz-Plus <br/>
650 #0 - SUBJECT ADDED ENTRY--TOPICAL TERM
Topical term or geographic name entry element Best friends
Form subdivision Juvenile fiction.
650 #0 - SUBJECT ADDED ENTRY--TOPICAL TERM
Topical term or geographic name entry element Camps
Geographic subdivision New York (State)
-- New York
Form subdivision Juvenile fiction.
650 #0 - SUBJECT ADDED ENTRY--TOPICAL TERM
Topical term or geographic name entry element Homesickness
Form subdivision Juvenile fiction.
650 #1 - SUBJECT ADDED ENTRY--TOPICAL TERM
Topical term or geographic name entry element Best friends
Form subdivision Fiction.
650 #1 - SUBJECT ADDED ENTRY--TOPICAL TERM
Topical term or geographic name entry element Camps
Form subdivision Fiction.
650 #1 - SUBJECT ADDED ENTRY--TOPICAL TERM
Topical term or geographic name entry element Homesickness
Form subdivision Fiction.
906 ## - LOCAL DATA ELEMENT F, LDF (RLIN)
a 7
b cbc
c copycat
d 2
e ncip
f 20
g y-gencatlg
942 ## - ADDED ENTRY ELEMENTS (KOHA)
Source of classification or shelving scheme Dewey Decimal Classification
Koha item type Books
Suppress in OPAC No
999 ## -
-- 1240
-- 1240
Holdings
Withdrawn status Lost status Source of classification or shelving scheme Damaged status Not for loan Collection Home library Current library Shelving location Date acquired Total Checkouts Full call number Barcode Date last seen Price effective from Koha item type
    Dewey Decimal Classification     Juvenile Fiction Footprints International School Library Network Toul Kork Campus Footprints International School Library Network Toul Kork Campus TTP Secondary Fiction Bookshelves 08/09/2023   MIL Fic PZ7.M63957 FIS00004 08/09/2023 08/09/2023 Books